header

Creative model construction in scientists and students (Record no. 17565)

MARC details
000 -LEADER
fixed length control field 01272nam a22003134a 4500
082 04 - DEWEY DECIMAL CLASSIFICATION NUMBER
Classification number 501/.9
100 1# - MAIN ENTRY--AUTHOR NAME
Personal name Clement, John,
245 10 - TITLE STATEMENT
Title Creative model construction in scientists and students
260 ## - PUBLICATION, DISTRIBUTION, ETC. (IMPRINT)
Place of publication [S.l.] :
Name of publisher Springer,
Year of publication c2008.
300 ## - PHYSICAL DESCRIPTION
Number of Pages xxvii, 601 p. :
Other physical details ill.
650 #0 - SUBJECT ADDED ENTRY--TOPICAL TERM
Topical Term Creative ability in science.
Topical Term Creative thinking.
Topical Term Analogy in science education.
856 40 - ELECTRONIC LOCATION AND ACCESS
Uniform Resource Identifier http://site.ebrary.com/lib/rucke/Doc?id=10284657

No items available.

© 2026 Rongo University
Contact us: librarian | system librarian | Rongo university